Ley antimonopolios: jurisprudencia comisión resolutiva 1988 - 1990

Guardat en:
Dades bibliogràfiques
Autor principal: Montt Dubournais, Luis (autor)
Format: Llibre
Idioma:espanyol
Publicat: Santiago Jurídica ConoSur 1996
Matèries:
Etiquetes: Afegir etiqueta
Sense etiquetes, Sigues el primer a etiquetar aquest registre!

MARC

LEADER 00000nam a2200000 a 4500
001 UCS4979
003 CL-VaPUC
008 970822e19960000CL |||||||||||||||||spa|d
082 0 4 |a 343.072  |b MON  |2 21 
100 |a Montt Dubournais, Luis  |e autor  |9 433961 
245 1 0 |a Ley antimonopolios: jurisprudencia comisión resolutiva 1988 - 1990 
300 |a v 
942 |c BK 
945 |d 19970822 00:00:00  |a rleighto 
260 |a Santiago  |b Jurídica ConoSur  |c 1996 
650 0 |a Monopolios  |9 255549 
650 7 |a DERECHO  |2 CL-VaPUC  |9 390855 
650 7 |a LEGISLACION  |2 CL-VaPUC  |9 390856 
650 0 |a Antimonopolios   |9 390857 
650 0 |a Jurisprudencia  |9 255952 
650 7 |a DELITO ECONOMICO  |2 CL-VaPUC  |9 342973 
583 |a last modification  |c 19970822 00:00:00  |k Rodrigo Vera 
999 |c 261740  |d 261738 
952 |0 0  |1 0  |4 0  |6 343_072000000000000_MON_1996  |7 0  |8 A  |9 289502  |a BIBDER  |b BIBDER  |d 2019-11-19  |h v.5  |i 3343316  |o 343.072 MON 1996  |p 3343316  |r 2023-01-25  |w 2019-11-19  |y BK  |k DER 
952 |0 0  |1 0  |4 0  |6 343_072000000000000_MON_1996  |7 0  |8 A  |9 289503  |a BIBDER  |b BIBDER  |d 2019-11-19  |h v.6  |i 3343324  |o 343.072 MON 1996  |p 3343324  |r 2023-01-25  |w 2019-11-19  |y BK  |k DER 
952 |0 0  |1 0  |4 0  |6 343_072000000000000_MON_1996  |7 0  |8 A  |9 289504  |a BIBDER  |b BIBDER  |d 2019-11-19  |h v.7  |i 3343332  |o 343.072 MON 1996  |p 3343332  |r 2023-01-25  |w 2019-11-19  |y BK  |k DER 
952 |0 0  |1 0  |4 0  |6 343_072000000000000_MON_1996  |7 0  |8 A  |9 289505  |a BIBDER  |b BIBDER  |d 2019-11-19  |h v.8  |i 3343340  |o 343.072 MON 1996  |p 3343340  |r 2023-01-25  |w 2019-11-19  |y BK  |k DER